01967nam a22001817a 4500008004100000082001700041100002500058245008500083260006500168300003300233505123700266546003401503600004901537600004601586650002401632999001301656952011601669160111b xxu||||| |||| 00| 0 eng d a709.2bA474m aAlvear, Miguel94409 aMecánica Popular : Obras y proyectos =bPopular Mechanics = Works and projects aCuenca del Ecuador: bCentro de Arte Contemporáneo, c2013 a179 p. bill. (col.)c23 cm. tLa dialéctica de la carambola [María Fernanda entrevista a Miguel Alvear] = Logic of lucky chance [María Fernanda Cartagena interviews Miguel Alvear]tYo soy la otra [Identidad y alteridad] = I am the other [Identity and otherness]tJosé Miguel Alvear LalleytSeñas particulares = Personal traitstIntercambio cultural = Cultural ExchangetUNOxMIL = ONExONETHOUSAND ProjecttMec-PoptFantasmagoría del Rastro = PhantasmagoriatHoy encontré un lugar = I` ve found a placetEl patio de los pecadores = The sinners` CourtyardtNaufragios, reloaded = Shipwreck, reloadedtCrónicas, reloaded = Chronicles, reloadedtMás allá del mall [Por un cine menor] = Beyond the mall [Toward a minor cinema]tAmina Mar - Amina 2 = Amina Sea - Amina 2tChagrunatCamal = SlaughterhousetRigale = GimmetIntento fallido de videoclip = Failed music video attempttUna tarde en La Merced = An Afternoon at La MercedtConteo Bai = Bai countdowntYo soy yo (o la cara que pongo) = I am the othertMano y cultura creadoras = Creative hands and mindstEcuador bajo tierra = Ecuador underground ProjecttMás allá del mall = Beyond the malltBlak Mama tMiguel Alvear y la práctica de la indisciplina = Miguel Alvear`s In-disciplines aIdiomas inglés y español. aAlvear Miguelb1989-2013xExhibiciones94410 aAlvear, MiguelvBiografía xObras94411 aArtezEcuador94412 c811d811 00102ddc4070aLVbLVcMonografíasd2016-01-11l0o709.2 A474mp004108r2016-01-11 00:00:00w2016-01-11y01